[Event "Montreal Pere Noel"]
[Site "Montreal"]
[Date "2012.12.28"]
[Round "3.3"]
[White "Larochelle, Martial"]
[Black "Castaneda Jimenez, Jhon David"]
[Result "0-1"]
[WhiteElo "2212"]
[BlackElo "2126"]
[PlyCount "74"]
[EventDate "2012.12.26"]
[EventType "swiss"]
[EventRounds "5"]
[EventCountry "CAN"]
[SourceTitle "EXT 2022"]
[Source "ChessBase"]
[SourceDate "2021.10.06"]
[SourceVersion "1"]
[SourceVersionDate "2021.10.06"]
[SourceQuality "1"]

1. d4 Nf6 2. c4 e6 3. Nc3 Bb4 4. e3 b6 5. Nge2 Bb7 6. a3 Bxc3+ 7. Nxc3 d5 8. cxd5 exd5 9. Bd3 0-0 10. 0-0 Ba6 11. Bxa6 Nxa6 12. Qd3 Nb8 13. b3 Re8 14. Bb2 Nc6 15. Rac1 Ne7 16. a4 Qd7 17. Ba3 Nf5 18. Nb5 c6 19. Nc3 Rac8 20. Ne2 h5 21. Nf4 h4 22. Rfe1 g5 23. Nh3 g4 24. Nf4 h3 25. g3 Ne4 26. Qe2 Nh6 27. f3 Ng5 28. fxg4 Qxg4 29. Qxg4 Nxg4 30. Re2 Nf3+ 31. Kh1 Rxe3 32. Rf1 Rxe2 33. Nxe2 Re8 34. Ng1 Nxg1 35. Kxg1 Re2 36. Rf4 Rg2+ 37. Kf1 Ne3+ 0-1